| 000 | 00790nam a2200253Ia 4500 | ||
|---|---|---|---|
| 003 | OSt | ||
| 005 | 20221101003549.0 | ||
| 006 | a|||||r|||| 00| 0 | ||
| 007 | ta | ||
| 008 | 220915b |||||||| |||| 00| 0 hin d | ||
| 024 | _a248520 | ||
| 037 | _cTextbook | ||
| 040 |
_bhin _aARTS _cARTS |
||
| 041 | _ahin | ||
| 082 | _aZ1, 152L6 | ||
| 100 | _aजैन, हरिमोहन | ||
| 245 | 0 | _aअन्तरराष्ट्रीय विधि | |
| 246 | _aAntarāṣhṭraªīya vidhi | ||
| 260 |
_aदिल्ली _bमैकमिलन कम्पनी भारत _c1976 |
||
| 300 |
_a671पृ0 _ccm. |
||
| 650 | _aभारतीय कानून | ||
| 942 |
_hZ1, 152L6 _cTB _2CC |
||
| 999 |
_c100426 _d100426 |
||